00361nam a2200133Ia 4500003000400000008004100004020002200045040000800067100001700075245008000092260002900172300001400201365001200215LDD181029s9999 xx 000 0 und d a387329056cE64.95 cLDD aSun, Jianguo 4aThe Statistical Analysis of Inerval-censored Failure Time DatacJianguo Sun aNew YorkbSpringerc2006 axv, 295p. bE 64.95